Disegnatore virtuoso. Die Zeichnungen des Pier Francesco Mola und seines Kreises : [Ausstellung: Museum Kunst-Palast, Düsseldorf, 13.7. - 22.9.2002]

Saved in:
Bibliographic Details
Main Author: Brink, Sonja (Bearb.)
Other Authors: Mola, Pier Francesco (Illustrator)
Document Type: Book
Language:German
Published: Köln : Wienand , 2002
Düsseldorf : Stiftung Museum Kunstpalast , 2002
Subjects:
Online Access:Rezension
Inhaltsverzeichnis
Rezension
Related Items:Rezensiert in: [Rezension von: Sonja Brink (Bearb.), Disegnatore virtuoso]
Author Notes:Museum Kunst-Palast, Sammlung der Kunstakademie Düsseldorf. [Hrsg.: Stiftung Museum Kunst-Palast, Düsseldorf]. Bearb. von Sonja Brink
LEADER 05053cam a2201033 c 4500
001 1628039965
003 DE-627
005 20250326123948.0
007 tu
008 020819s2002 xx ||||| c 00| ||ger c
015 |a 02,N30,0572  |2 dnb 
016 7 |a 964674165  |2 DE-101 
020 |a 3879097984  |9 3-87909-798-4 
035 |a (DE-627)1628039965 
035 |a (DE-576)100324428 
035 |a (DE-599)DNB964674165 
035 |a (OCoLC)313951310 
035 |a (OCoLC)313951310 
040 |a DE-627  |b ger  |c DE-627  |e rakwb 
041 |a ger 
084 |a 46  |2 sdnb 
084 |a 9,10  |2 ssgn 
084 |a LI 99999  |2 rvk  |0 (DE-625)rvk/97471: 
245 0 0 |a Disegnatore virtuoso. Die Zeichnungen des Pier Francesco Mola und seines Kreises  |b [Ausstellung: Museum Kunst-Palast, Düsseldorf, 13.7. - 22.9.2002]  |c Museum Kunst-Palast, Sammlung der Kunstakademie Düsseldorf. [Hrsg.: Stiftung Museum Kunst-Palast, Düsseldorf]. Bearb. von Sonja Brink 
246 3 3 |a Zeichnungen des Pier Francesco Mola 
263 |a brosch. 
264 1 |a Köln  |b Wienand  |c 2002 
264 1 |a Düsseldorf  |b Stiftung Museum Kunstpalast  |c 2002 
300 |a 175 S.  |b zahlr. Ill.  |c 27 cm 
336 |a Text  |b txt  |2 rdacontent 
336 |a unbewegtes Bild  |b sti  |2 rdacontent 
337 |a ohne Hilfsmittel zu benutzen  |b n  |2 rdamedia 
338 |a Band  |b nc  |2 rdacarrier 
500 |a Umschlagt.: Zeichnungen des Pier Francesco Mola 
583 1 |a Archivierung/Langzeitarchivierung gewährleistet  |f SSG  |x XA-DE-BW  |2 pdager  |5 DE-16 
655 7 |a Katalog  |0 (DE-588)4163417-2  |0 (DE-627)105454966  |0 (DE-576)209880899  |2 gnd-content 
655 7 |a Ausstellungskatalog  |y 2002  |z Düsseldorf  |0 (DE-588)4135467-9  |0 (DE-627)10566491X  |0 (DE-576)209660988  |2 gnd-content 
689 0 0 |d p  |0 (DE-588)118949381  |0 (DE-627)079728014  |0 (DE-576)210493674  |a Mola, Pier Francesco  |d 1612-1666  |2 gnd 
689 0 1 |d s  |0 (DE-588)4127900-1  |0 (DE-627)104725044  |0 (DE-576)209597518  |a Zeichnung  |2 gnd 
689 0 2 |d b  |0 (DE-588)10019225-7  |0 (DE-627)328132764  |0 (DE-576)198437552  |a Museum Kunstpalast  |2 gnd 
689 0 |5 DE-101 
689 1 0 |d p  |0 (DE-588)118949381  |0 (DE-627)079728014  |0 (DE-576)210493674  |a Mola, Pier Francesco  |d 1612-1666  |2 gnd 
689 1 1 |d s  |0 (DE-588)4127900-1  |0 (DE-627)104725044  |0 (DE-576)209597518  |a Zeichnung  |2 gnd 
689 1 2 |d b  |0 (DE-588)10019225-7  |0 (DE-627)328132764  |0 (DE-576)198437552  |a Museum Kunstpalast  |2 gnd 
689 1 |5 DE-101 
689 2 0 |d g  |0 (DE-588)4027833-5  |0 (DE-627)106283235  |0 (DE-576)208972501  |a Italien  |2 gnd 
689 2 1 |d s  |0 (DE-588)4127900-1  |0 (DE-627)104725044  |0 (DE-576)209597518  |a Zeichnung  |2 gnd 
689 2 2 |a z  |2 gnd  |a Geschichte 1600-1700 
689 2 3 |d b  |0 (DE-588)10019225-7  |0 (DE-627)328132764  |0 (DE-576)198437552  |a Museum Kunstpalast  |2 gnd 
689 2 |5 DE-101 
689 3 0 |d s  |0 (DE-588)4004541-9  |0 (DE-627)106385380  |0 (DE-576)208856447  |a Barock  |2 gnd 
689 3 1 |d s  |0 (DE-588)4127900-1  |0 (DE-627)104725044  |0 (DE-576)209597518  |a Zeichnung  |2 gnd 
689 3 2 |d g  |0 (DE-588)4027833-5  |0 (DE-627)106283235  |0 (DE-576)208972501  |a Italien  |2 gnd 
689 3 3 |d b  |0 (DE-588)10019225-7  |0 (DE-627)328132764  |0 (DE-576)198437552  |a Museum Kunstpalast  |2 gnd 
689 3 |5 DE-101 
689 4 0 |d g  |0 (DE-588)4027833-5  |0 (DE-627)106283235  |0 (DE-576)208972501  |a Italien  |2 gnd 
689 4 1 |d s  |0 (DE-588)4127900-1  |0 (DE-627)104725044  |0 (DE-576)209597518  |a Zeichnung  |2 gnd 
689 4 2 |a z  |2 gnd  |a Geschichte 1600-1700 
689 4 3 |d b  |0 (DE-588)10019225-7  |0 (DE-627)328132764  |0 (DE-576)198437552  |a Museum Kunstpalast  |2 gnd 
689 4 |5 DE-101 
700 1 |a Brink, Sonja  |e Bearb.  |0 (DE-588)1038176964  |0 (DE-627)756740177  |0 (DE-576)164750134  |4 adp 
700 1 |a Mola, Pier Francesco  |e Ill.  |0 (DE-627)1235534367  |0 (DE-576)165534362  |4 ill 
710 2 |a Museum Kunstpalast  |0 (DE-588)10019225-7  |0 (DE-627)328132764  |0 (DE-576)198437552  |4 oth 
787 0 8 |i Rezensiert in  |a Kaempf, Tobias  |t [Rezension von: Sonja Brink (Bearb.), Disegnatore virtuoso]  |d 2003  |w (DE-627)1920613471 
856 4 2 |u https://swbplus.bsz-bw.de/bsz100324428rez.htm  |m B:DE-576;DE-16  |q application/pdf  |v 20081106090227  |x Verlag  |3 Rezension  |7 1 
856 4 2 |u https://swbplus.bsz-bw.de/bsz100324428inh.htm  |m B:DE-576;DE-16  |q application/pdf  |v 20091215083648  |x Verlag  |3 Inhaltsverzeichnis  |7 1 
856 4 2 |u http://www.sehepunkte.de/2003/03/2391.html  |m V:DE-576;X:Sehepunkte  |q text/html  |v 20180424113611  |3 Rezension  |7 1 
936 r v |a LI 99999  |b Sonstige  |k Kunstgeschichte  |k Künstler-Monografien  |k Sonstige  |0 (DE-627)1270635948  |0 (DE-625)rvk/97471:  |0 (DE-576)200635948 
951 |a BO 
990 |a Mola, Pier Francesco 
990 |a Zeichnung 
990 |a Museum Kunstpalast 
990 |a Mola, Pier Francesco 
990 |a Zeichnung 
990 |a Museum Kunstpalast 
990 |a Italien 
990 |a Zeichnung 
990 |a Geschichte 1600-1700 
990 |a Museum Kunstpalast 
990 |a Barock 
990 |a Zeichnung 
990 |a Italien 
990 |a Museum Kunstpalast 
990 |a Italien 
990 |a Zeichnung 
990 |a Geschichte 1600-1700 
990 |a Museum Kunstpalast 
991 |a Rezensiertes Werk 
999 |a KXP-PPN1628039965  |e 495721820X